[Event "South Wales New Year Open "]
[Site "Bridgend"]
[Date "2017.01.08"]
[Round "4.9"]
[White "Sivarajasingam, Venetia"]
[Black "Ehsandar, Peter"]
[Result "1-0"]
[WhiteElo "1668"]
[BlackElo "1955"]
[PlyCount "157"]
[EventDate "2017.01.06"]
[EventType "swiss"]
[EventRounds "5"]
[EventCountry "WLS"]
[SourceDate "2017.01.06"]

1. e4 c5 2. Nf3 d6 3. Bb5+ Nd7 4. d4 a6 5. Bxd7+ Qxd7 6. O-O cxd4 7. Qxd4 e5 8.
Qd3 Nf6 9. c4 Qc6 10. Nc3 Be6 11. b3 Rc8 12. Bb2 Be7 13. Rad1 O-O 14. Ng5 Bg4
15. Nd5 Bd8 16. Nxf6+ Bxf6 17. Nf3 Be7 18. Ba3 Rcd8 19. Qe3 Rd7 20. h3 Bh5 21.
Rd5 b5 22. cxb5 axb5 23. g4 Bg6 24. Rc1 Qb7 25. Bb4 f5 26. Rcd1 f4 27. Qe2 Rdd8
28. Re1 Be8 29. Rd3 Qa6 30. Nxe5 dxe5 31. Bxe7 Rxd3 32. Qxd3 Rf7 33. Bc5 Rd7
34. Qc3 Qe6 35. Kh2 h5 36. Qf3 Rc7 37. Rc1 Qc8 38. b4 Bd7 39. gxh5 Qa8 40. Qb3+
Kh7 41. f3 Qe8 42. Qd3 Qxh5 43. Qf1 Rc6 44. Rd1 Bc8 45. Rd6 Rxd6 46. Bxd6 Qg6
47. Bxe5 Qg3+ 48. Kh1 g5 49. Qg2 Qh4 50. Kh2 Kh6 51. Bd4 Be6 52. a3 Qh5 53. Bf2
Bd7 54. Be1 Be6 55. h4 gxh4 56. Qb2 Qg5 57. Qh8+ Kg6 58. Qxh4 Qxh4+ 59. Bxh4
Bc4 60. Kh3 Kh5 61. Bd8 Bf1+ 62. Kh2 Kg6 63. Kg1 Bc4 64. Kf2 Bd3 65. Ke1 Bc4
66. Kd2 Bf1 67. Bc7 Kg5 68. e5 Kf5 69. e6 Kxe6 70. Bxf4 Kd5 71. Ke3 Kc4 72. Bd6
Kb3 73. f4 Kxa3 74. f5 Bc4 75. f6 Kb3 76. Kd4 Kc2 77. Ke5 Bf7 78. Bc5 Kc3 79.
Kd6 1-0

[Event "South Wales New Year Open "]
[Site "Bridgend"]
[Date "2017.01.08"]
[Round "4.10"]
[White "Parry, Matthew"]
[Black "Govindaraj, Neya"]
[Result "1-0"]
[WhiteElo "1901"]
[BlackElo "1308"]
[PlyCount "47"]
[EventDate "2017.01.06"]
[EventType "swiss"]
[EventRounds "5"]
[EventCountry "WLS"]
[SourceDate "2017.01.06"]

1. d4 g6 2. c4 Bg7 3. Nc3 Nf6 4. e4 d6 5. f4 O-O 6. Nf3 c5 7. d5 e6 8. Be2 exd5
9. e5 dxe5 10. fxe5 Ng4 11. Bg5 Qa5 12. cxd5 Nxe5 13. O-O Nxf3+ 14. Rxf3 Bf5
15. Be7 Re8 16. d6 Bd4+ 17. Kh1 Be6 18. b4 Qb6 19. bxc5 Bxc5 20. Nd5 Bxd5 21.
Qxd5 Kh8 22. Qxf7 Nd7 23. Rh3 h5 24. Qxg6 1-0

[Event "South Wales New Year Open "]
[Site "Bridgend"]
[Date "2017.01.08"]
[Round "4.11"]
[White "Ray, Hiya"]
[Black "White, Ernest M"]
[Result "1-0"]
[WhiteElo "1435"]
[BlackElo "1889"]
[PlyCount "99"]
[EventDate "2017.01.06"]
[EventType "swiss"]
[EventRounds "5"]
[EventCountry "WLS"]
[SourceDate "2017.01.06"]

1. d4 f5 2. Bg5 g6 3. Nd2 Bg7 4. e4 fxe4 5. Nxe4 d5 6. Ng3 c5 7. Nf3 Qb6 8.
dxc5 Qxb2 9. Rb1 Bc3+ 10. Bd2 Bxd2+ 11. Nxd2 Qc3 12. Bb5+ Nc6 13. O-O Qxc5 14.
Re1 Nf6 15. Qf3 O-O 16. Bxc6 bxc6 17. Qb3 Ng4 18. Nde4 Qb6 19. Qxb6 axb6 20. h3
Nh6 21. Nc3 b5 22. Rxe7 Nf5 23. Rc7 Nxg3 24. fxg3 d4 25. Ne2 d3 26. cxd3 Bf5
27. Nf4 g5 28. g4 Rfc8 29. Rxc8+ Bxc8 30. Ne2 Rxa2 31. Nd4 Rd2 32. Nxc6 Bb7 33.
Ne5 Rxg2+ 34. Kf1 Rg3 35. Rxb5 Ba6 36. Kf2 Rxh3 37. Ra5 Rh2+ 38. Kg3 Re2 39.
Kf3 Re1 40. Kf2 Rxe5 41. Rxe5 Bxd3 42. Rxg5+ Kf7 43. Ke3 Ba6 44. Kf4 Bd3 45.
Rd5 Bc2 46. Kg5 Ke6 47. Rc5 Be4 48. Kh6 Kf7 49. g5 Ke6 50. Rc7 1-0

[Event "South Wales New Year Open "]
[Site "Bridgend"]
[Date "2017.01.08"]
[Round "4.12"]
[White "Bevan, Peter M"]
[Black "Thomas, Roy"]
[Result "1-0"]
[WhiteElo "1944"]
[BlackElo "1728"]
[PlyCount "25"]
[EventDate "2017.01.06"]
[EventType "swiss"]
[EventRounds "5"]
[EventCountry "WLS"]
[SourceDate "2017.01.06"]

1. c4 f5 2. Nc3 Nf6 3. Nf3 e6 4. d3 Be7 5. e4 fxe4 6. dxe4 O-O 7. e5 Ne8 8. Bd3
Nc6 9. h4 d6 10. Bxh7+ Kxh7 11. Ng5+ Kg8 12. Qh5 Nf6 13. exf6 1-0

[Event "South Wales New Year Open "]
[Site "Bridgend"]
[Date "2017.01.08"]
[Round "4.13"]
[White "Robinson, David"]
[Black "Probert, Malcolm"]
[Result "1-0"]
[WhiteElo "1923"]
[BlackElo "1595"]
[PlyCount "120"]
[EventDate "2017.01.06"]
[EventType "swiss"]
[EventRounds "5"]
[EventCountry "WLS"]
[SourceDate "2017.01.06"]

1. d4 g6 2. Nf3 Bg7 3. Bf4 d6 4. e3 Nd7 5. h3 e5 6. Bh2 Ne7 7. c3 O-O 8. Be2
Nc6 9. Na3 a6 10. d5 Ne7 11. Nc4 f5 12. Na5 Nf6 13. c4 Qe8 14. Qc2 b6 15. Nb3
a5 16. O-O h6 17. Nbd2 Bd7 18. Rfe1 Ne4 19. Nxe4 fxe4 20. Nd2 Qf7 21. Rf1 Nf5
22. Nxe4 Nh4 23. Bg3 Qe7 24. Qd1 h5 25. Qd2 Bf5 26. Nc3 Qg5 27. Kh2 Bd7 28. Ne4
Qe7 29. Rac1 Rf7 30. f3 Raf8 31. Bxh4 Qxh4 32. Nf2 Bh6 33. Rc3 Qe7 34. Ne4 Bf5
35. Bd3 g5 36. Rcc1 g4 37. Qe2 gxh3 38. g3 Rg7 39. Rg1 Kh8 40. Rce1 Rfg8 41.
Qf2 Rg6 42. a3 Qg7 43. b4 axb4 44. axb4 h4 45. g4 Bxe4 46. Bxe4 Rf6 47. Qxh4
Qg5 48. Qxg5 Bxg5 49. Rg3 Rh6 50. Rxh3 Rxh3+ 51. Kxh3 Kg7 52. Kg3 Rh8 53. Re2
Bh4+ 54. Kg2 Bg5 55. Bf5 Ra8 56. f4 exf4 57. exf4 Bxf4 58. Re7+ Kf6 59. Rxc7
Ra2+ 60. Kf3 Ke5 1-0

[Event "South Wales New Year Open "]
[Site "Bridgend"]
[Date "2017.01.08"]
[Round "4.15"]
[White "Bonutto, Stephen"]
[Black "Jukes, Sam"]
[Result "1/2-1/2"]
[WhiteElo "1452"]
[BlackElo "1730"]
[PlyCount "59"]
[EventDate "2017.01.06"]
[EventType "swiss"]
[EventRounds "5"]
[EventCountry "WLS"]
[SourceDate "2017.01.06"]

1. e4 c5 2. Nf3 Nc6 3. d4 cxd4 4. Nxd4 Nf6 5. Nc3 d6 6. Be3 Ng4 7. Bb5 Qd7 8.
Bc1 Nf6 9. O-O e6 10. Re1 Be7 11. Qf3 O-O 12. Nxc6 bxc6 13. e5 Nd5 14. Ba4 Qc7
15. exd6 Bxd6 16. h3 Bb7 17. Ne4 Bh2+ 18. Kh1 Bf4 19. Bxf4 Qxf4 20. Qxf4 Nxf4
21. Nc5 Bc8 22. Bxc6 Rb8 23. Nb3 Ba6 24. Bf3 Rfc8 25. Rac1 Bc4 26. Nd2 Bd5 27.
Bxd5 Nxd5 28. Nb3 Nb4 29. a3 Nxc2 30. Red1 1/2-1/2

[Event "South Wales New Year Open "]
[Site "Bridgend"]
[Date "2017.01.08"]
[Round "4.16"]
[White "Haigh, Tony"]
[Black "Jaberansari, Daniel"]
[Result "1/2-1/2"]
[WhiteElo "1822"]
[BlackElo "1393"]
[PlyCount "53"]
[EventDate "2017.01.06"]
[EventType "swiss"]
[EventRounds "5"]
[EventCountry "WLS"]
[SourceDate "2017.01.06"]

1. d4 Nf6 2. Bg5 g6 3. Bxf6 exf6 4. c4 Bg7 5. Nc3 O-O 6. g3 Nc6 7. e3 f5 8.
Nge2 b6 9. Bg2 Bb7 10. O-O a5 11. b3 Re8 12. d5 Nb8 13. Rc1 Na6 14. Qc2 Nb4 15.
Qd2 d6 16. Nd4 Qd7 17. Bh3 Qe7 18. a3 Na6 19. Nc6 Bxc6 20. dxc6 Nc5 21. Qc2
Bxc3 22. Qxc3 Ne4 23. Qb2 Qe5 24. Qxe5 Rxe5 25. b4 a4 26. Rfd1 Rae8 27. Bg2
1/2-1/2

[Event "South Wales New Year Open "]
[Site "Bridgend"]
[Date "2017.01.08"]
[Round "5.1"]
[White "Toczek, Grzegorz"]
[Black "Young, Alan"]
[Result "1-0"]
[WhiteElo "2229"]
[BlackElo "2020"]
[PlyCount "119"]
[EventDate "2017.01.06"]
[EventType "swiss"]
[EventRounds "5"]
[EventCountry "WLS"]
[SourceDate "2017.01.06"]

1. e4 e5 2. Nf3 Nc6 3. Bb5 a6 4. Ba4 Nf6 5. O-O Be7 6. Re1 b5 7. Bb3 O-O 8. a4
b4 9. d3 d6 10. h3 Be6 11. Nbd2 Bxb3 12. Nxb3 d5 13. Bg5 h6 14. Bh4 Re8 15.
Nbd2 d4 16. Nc4 Nd7 17. Bg3 Bf6 18. Nh2 g6 19. b3 Bg7 20. f4 exf4 21. Bxf4 Kh7
22. Qd2 Nf6 23. g4 Nd7 24. Rf1 Nc5 25. Rae1 Ne6 26. Bg3 Qe7 27. Qg2 Kg8 28. Nf3
Rac8 29. Nfd2 Qd7 30. Re2 Rf8 31. Ref2 Rce8 32. Nf3 Ned8 33. Qh2 Re7 34. Nfd2
Ne6 35. Bh4 Ree8 36. Nf3 Nc5 37. Ne1 Ne6 38. Ng2 Qc8 39. Bg3 Qd7 40. Nf4 Nxf4
41. Bxf4 Re7 42. Bg3 Nd8 43. Bh4 Ree8 44. Bf6 Bxf6 45. Rxf6 Nc6 46. Qf4 Kg7 47.
Rf2 Nd8 48. Rxa6 Qc8 49. Rf6 Re7 50. Rxg6+ Kxg6 51. Qf6+ Kh7 52. Qxe7 Rg8 53.
Ne5 Rg7 54. Rf6 h5 55. Rf5 Ne6 56. Rxh5+ Kg8 57. Qh4 Kf8 58. Rh8+ Rg8 59. Qf6
Nd8 60. Ng6+ 1-0

[Event "South Wales New Year Open "]
[Site "Bridgend"]
[Date "2017.01.08"]
[Round "5.2"]
[White "Ralphs, Nigel"]
[Black "Bullen, Alex"]
[Result "1-0"]
[WhiteElo "2059"]
[BlackElo "2105"]
[PlyCount "85"]
[EventDate "2017.01.06"]
[EventType "swiss"]
[EventRounds "5"]
[EventCountry "WLS"]
[SourceDate "2017.01.06"]

1. e4 c6 2. d4 d5 3. e5 Bf5 4. Nf3 e6 5. Be2 Nd7 6. O-O Bg6 7. Nbd2 Nh6 8. Nb3
Nf5 9. Bd2 Be7 10. g4 Nh4 11. Nxh4 Bxh4 12. f4 f5 13. h3 Be7 14. c4 Nb6 15. Ba5
Qd7 16. Nc5 Bxc5 17. dxc5 Nxc4 18. Bxc4 dxc4 19. Qxd7+ Kxd7 20. Rfd1+ Ke7 21.
Rd4 fxg4 22. hxg4 Rhe8 23. Rxc4 Kf8 24. Rd4 Re7 25. Kf2 Be8 26. Rad1 g6 27. Kg3
Kg7 28. Bd8 Rf7 29. Bf6+ Kf8 30. Rd6 Rc7 31. Kh4 Kf7 32. Kg5 b6 33. f5 gxf5 34.
gxf5 exf5 35. e6+ Kg8 36. Kxf5 bxc5 37. b3 Bg6+ 38. Ke5 Re8 39. Rd7 Rxd7 40.
Rxd7 Rc8 41. Rg7+ Kf8 42. e7+ Ke8 43. Ke6 1-0

[Event "South Wales New Year Open "]
[Site "Bridgend"]
[Date "2017.01.08"]
[Round "5.3"]
[White "Turner, Joseph David"]
[Black "Sands, David A"]
[Result "1-0"]
[WhiteElo "1932"]
[BlackElo "2127"]
[PlyCount "65"]
[EventDate "2017.01.06"]
[EventType "swiss"]
[EventRounds "5"]
[EventCountry "WLS"]
[SourceDate "2017.01.06"]

1. e4 c5 2. Nf3 e6 3. d4 cxd4 4. Nxd4 Nc6 5. Nc3 Qc7 6. Be3 a6 7. Be2 Nf6 8.
O-O Be7 9. f4 d6 10. Nxc6 bxc6 11. Bf3 O-O 12. g4 Re8 13. g5 Nd7 14. Ne2 Rb8
15. b3 d5 16. h4 dxe4 17. Bxe4 c5 18. Ng3 Bb7 19. Qg4 Bf8 20. Rad1 Rbd8 21.
Bxb7 Qxb7 22. h5 f5 23. Qe2 Qb5 24. c4 Qb7 25. Bd2 Nb8 26. Bc3 Qe7 27. h6 Rxd1
28. Rxd1 Rd8 29. Rxd8 Qxd8 30. Qxe6+ Kh8 31. hxg7+ Bxg7 32. Bxg7+ Kxg7 33.
Nxf5+ 1-0

[Event "South Wales New Year Open "]
[Site "Bridgend"]
[Date "2017.01.08"]
[Round "5.4"]
[White "Parry, Matthew"]
[Black "Brown, Thomas"]
[Result "0-1"]
[WhiteElo "1901"]
[BlackElo "2065"]
[PlyCount "104"]
[EventDate "2017.01.06"]
[EventType "swiss"]
[EventRounds "5"]
[EventCountry "WLS"]
[SourceDate "2017.01.06"]

1. d4 Nf6 2. Nf3 g6 3. e3 Bg7 4. Bd3 O-O 5. O-O d6 6. Nbd2 Re8 7. c3 e5 8. e4
Nc6 9. dxe5 Nxe5 10. Nxe5 Rxe5 11. Nc4 Re8 12. Qc2 Nd7 13. Re1 Nc5 14. Bf1 d5
15. Nd2 dxe4 16. b4 Nd3 17. Rxe4 Rxe4 18. Nxe4 Nxb4 19. Qb3 Qe7 20. Ng5 Na6 21.
Be3 Nc5 22. Bxc5 Qxg5 23. Be3 Qe7 24. Rd1 b6 25. Qd5 c6 26. Qxc6 Bb7 27. Qd7
Qe4 28. Bd4 Bc6 29. Qd6 Re8 30. f3 Bxd4+ 31. Qxd4 Qxd4+ 32. Rxd4 Re1 33. Kf2
Rc1 34. Rd8+ Kg7 35. Rc8 Rxc3 36. Bb5 Rc2+ 37. Kg3 Be4 38. Rd8 Bf5 39. a4 h5
40. h4 Rc7 41. Rd4 Be6 42. Kf4 Rc5 43. g4 Bc8 44. Rd8 hxg4 45. fxg4 Rc1 46. Rd4
Rg1 47. Bd7 Bxd7 48. Rxd7 a5 49. Rd4 Rh1 50. Ke5 Rxh4 51. Kd6 f5 52. Kc6 Rxg4
0-1

[Event "South Wales New Year Open "]
[Site "Bridgend"]
[Date "2017.01.08"]
[Round "5.5"]
[White "Rodriguez, Juan Talavera"]
[Black "Sivarajasingam, Venetia"]
[Result "1-0"]
[WhiteElo "2003"]
[BlackElo "1668"]
[PlyCount "79"]
[EventDate "2017.01.06"]
[EventType "swiss"]
[EventRounds "5"]
[EventCountry "WLS"]
[SourceDate "2017.01.06"]

1. e4 e6 2. d4 d5 3. Nc3 dxe4 4. Nxe4 Nd7 5. Nf3 Ngf6 6. Bg5 Be7 7. Ned2 O-O 8.
c3 c5 9. Be2 b6 10. Ne5 Nxe5 11. dxe5 Nd7 12. Bf4 Qc7 13. Bf3 Bb7 14. O-O Rad8
15. Bxb7 Qxb7 16. Qe2 Rfe8 17. Rad1 Nf8 18. Ne4 Qc6 19. Bg3 Ng6 20. f4 Rd5 21.
Qf3 Qa4 22. b3 Qxa2 23. Ra1 Qxb3 24. Rxa7 Qc2 25. h3 Rd3 26. Qg4 Re3 27. Nd6 h5
28. Rxe7 Rxe7 29. Qg5 Qxc3 30. Bf2 Re2 31. Qxh5 Qb2 32. Qg4 b5 33. Bxc5 Rd7 34.
Bf2 b4 35. h4 b3 36. h5 Nf8 37. Ne8 f5 38. exf6 Qa2 39. fxg7 Kf7 40. gxf8=Q+
1-0

[Event "South Wales New Year Open "]
[Site "Bridgend"]
[Date "2017.01.08"]
[Round "5.6"]
[White "Howells, CHris"]
[Black "Fathallah, Joe"]
[Result "0-1"]
[WhiteElo "1814"]
[BlackElo "1995"]
[PlyCount "124"]
[EventDate "2017.01.06"]
[EventType "swiss"]
[EventRounds "5"]
[EventCountry "WLS"]
[SourceDate "2017.01.06"]

1. e4 e6 2. d4 d5 3. e5 c5 4. c3 Nc6 5. Nf3 Bd7 6. Be2 Qb6 7. a3 c4 8. O-O Nge7
9. Nbd2 Na5 10. Qe1 Ba4 11. Bd1 Bxd1 12. Qxd1 h5 13. Qa4+ Nac6 14. b3 Qa5 15.
Qxa5 Nxa5 16. bxc4 dxc4 17. Ne4 Nd5 18. Bb2 Be7 19. Nfd2 f5 20. exf6 gxf6 21.
f4 f5 22. Ng3 O-O-O 23. Ne2 Bd6 24. g3 h4 25. Nf3 hxg3 26. hxg3 Nf6 27. Kg2 Ne4
28. Rh1 Nb3 29. Rae1 Rdg8 30. Rxh8 Rxh8 31. Rd1 Rg8 32. Ne5 Bxe5 33. dxe5 Nec5
34. Bc1 Nd3 35. Be3 a6 36. Nd4 Nxd4 37. Bxd4 Nxf4+ 38. Kf3 Nd5 39. Rh1 Rg7 40.
a4 b5 41. axb5 axb5 42. Ra1 Rb7 43. Ra6 Kd7 44. Rd6+ Ke7 45. Rc6 Rc7 46. Ra6 b4
47. cxb4 Nxb4 48. Ra4 Nd5 49. Ra2 c3 50. Rc2 Rc4 51. Be3 Nb4 52. Rc1 Nd3 53.
Rd1 Nxe5+ 54. Ke2 Ng4 55. Bg5+ Kf7 56. Kd3 Rc6 57. Rc1 Nf2+ 58. Kd4 Ne4 59. Bf4
Rc8 60. Be5 Rg8 61. Rg1 c2 62. Bf4 Nxg3 0-1

[Event "South Wales New Year Open "]
[Site "Bridgend"]
[Date "2017.01.08"]
[Round "5.7"]
[White "Waterfield, John W"]
[Black "Dixon, Chris"]
[Result "1/2-1/2"]
[WhiteElo "1983"]
[BlackElo "1799"]
[PlyCount "40"]
[EventDate "2017.01.06"]
[EventType "swiss"]
[EventRounds "5"]
[EventCountry "WLS"]
[SourceDate "2017.01.06"]

1. e4 d6 2. d4 Nf6 3. Nc3 g6 4. h3 Bg7 5. Be3 O-O 6. g4 d5 7. f3 dxe4 8. fxe4
Nc6 9. Nf3 Re8 10. d5 Nb8 11. e5 Nfd7 12. Bf4 c6 13. Qd2 cxd5 14. Qxd5 Nb6 15.
Qxd8 Rxd8 16. Bd3 Be6 17. O-O-O Nc6 18. Rhe1 Nd5 19. Nxd5 Bxd5 20. Be4 Bxe4
1/2-1/2

[Event "South Wales New Year Open "]
[Site "Bridgend"]
[Date "2017.01.08"]
[Round "5.8"]
[White "Taylor, Robert Graham"]
[Black "Ray, Hiya"]
[Result "1-0"]
[WhiteElo "1955"]
[BlackElo "1435"]
[PlyCount "53"]
[EventDate "2017.01.06"]
[EventType "swiss"]
[EventRounds "5"]
[EventCountry "WLS"]
[SourceDate "2017.01.06"]

1. Nf3 Nf6 2. c4 g6 3. b3 Bg7 4. Bb2 O-O 5. e3 d6 6. Qc2 c5 7. Be2 Nc6 8. a3
Bf5 9. d3 Rc8 10. O-O a6 11. Nc3 Bd7 12. Rad1 Qa5 13. d4 cxd4 14. exd4 Rfe8 15.
d5 Na7 16. b4 Qc7 17. Qd2 b5 18. cxb5 Nxb5 19. Nxb5 Bxb5 20. Bxb5 axb5 21. Nd4
Qb7 22. Nb3 Ne4 23. Qe2 Nc3 24. Bxc3 Rxc3 25. Na5 Qc7 26. Qxb5 Rb8 27. Qa4 {
White won on time} 1-0

[Event "South Wales New Year Open "]
[Site "Bridgend"]
[Date "2017.01.08"]
[Round "5.9"]
[White "Robinson, David"]
[Black "Pleasants, Allan J"]
[Result "1/2-1/2"]
[WhiteElo "1923"]
[BlackElo "2018"]
[PlyCount "29"]
[EventDate "2017.01.06"]
[EventType "swiss"]
[EventRounds "5"]
[EventCountry "WLS"]
[SourceDate "2017.01.06"]

1. d4 Nf6 2. Nf3 g6 3. Bf4 Bg7 4. e3 O-O 5. Be2 d6 6. h3 Nc6 7. O-O e5 8. dxe5
Ne4 9. c3 dxe5 10. Bh2 Be6 11. Qc2 Nc5 12. Nbd2 f6 13. b4 Nd7 14. Bc4 Qe7 15.
Qb3 1/2-1/2

[Event "South Wales New Year Open "]
[Site "Bridgend"]
[Date "2017.01.08"]
[Round "5.10"]
[White "James, Dai"]
[Black "Lewis, David Rhys"]
[Result "0-1"]
[WhiteElo "1872"]
[BlackElo "1948"]
[PlyCount "68"]
[EventDate "2017.01.06"]
[EventType "swiss"]
[EventRounds "5"]
[EventCountry "WLS"]
[SourceDate "2017.01.06"]

1. f4 d5 2. Nf3 Nf6 3. g3 Bg4 4. Bg2 Nbd7 5. O-O Bxf3 6. exf3 g6 7. b3 Bg7 8.
Bb2 c6 9. d4 Qc7 10. Qe2 e6 11. c4 h5 12. h3 h4 13. f5 gxf5 14. g4 O-O-O 15. c5
Rde8 16. b4 e5 17. Qf2 e4 18. b5 exf3 19. bxc6 bxc6 20. Bxf3 fxg4 21. hxg4 Ne4
22. Bxe4 Rxe4 23. Nd2 Rxg4+ 24. Kh1 Nxc5 25. Ba3 Bxd4 26. Qf3 Rhg8 27. Rab1 Rg2
28. Qf5+ Qd7 29. Qxd7+ Kxd7 30. Nf3 Rxa2 31. Nxd4 Rxa3 32. Rxf7+ Ke8 33. Re1+
Kxf7 34. Nb3 Rxb3 0-1

[Event "South Wales New Year Open "]
[Site "Bridgend"]
[Date "2017.01.08"]
[Round "5.11"]
[White "Evans, Nicholas Thomas"]
[Black "Bevan, Peter M"]
[Result "1/2-1/2"]
[WhiteElo "1847"]
[BlackElo "1944"]
[PlyCount "59"]
[EventDate "2017.01.06"]
[EventType "swiss"]
[EventRounds "5"]
[EventCountry "WLS"]
[SourceDate "2017.01.06"]

1. d4 Nf6 2. Nf3 g6 3. c4 Bg7 4. g3 O-O 5. Bg2 d6 6. O-O c6 7. Nc3 Nbd7 8. h3
Qc7 9. e4 e5 10. Be3 exd4 11. Nxd4 a6 12. Qd2 Ne5 13. b3 c5 14. Nc2 Bxh3 15.
Bh6 Bxg2 16. Kxg2 b5 17. Rh1 Bxh6 18. Qxh6 Neg4 19. Qh4 h5 20. f3 Qe7 21. fxg4
Qe5 22. Nd5 Qxe4+ 23. Kg1 Nxd5 24. cxd5 Qxc2 25. gxh5 Qc3 26. Rf1 Qd4+ 27. Qxd4
cxd4 28. Rh4 Rac8 29. hxg6 Rc3 30. gxf7+ 1/2-1/2

[Event "South Wales New Year Open "]
[Site "Bridgend"]
[Date "2017.01.08"]
[Round "5.12"]
[White "Ehsandar, Peter"]
[Black "Sivarajasingam, Shayanna"]
[Result "1-0"]
[WhiteElo "1955"]
[BlackElo "1709"]
[PlyCount "109"]
[EventDate "2017.01.06"]
[EventType "swiss"]
[EventRounds "5"]
[EventCountry "WLS"]
[SourceDate "2017.01.06"]

1. e4 e6 2. Nc3 d5 3. d4 dxe4 4. Nxe4 Nd7 5. Nf3 Ngf6 6. Bg5 Be7 7. Nxf6+ Nxf6
8. Bxf6 Bxf6 9. c3 O-O 10. Qc2 Qd6 11. O-O-O Bd7 12. Bd3 h6 13. Kb1 Rfd8 14. h4
c5 15. Bh7+ Kh8 16. Ng5 Be8 17. d5 exd5 18. Bg8 g6 19. Nxf7+ Bxf7 20. Bxf7 Bg7
21. Rxd5 Qc6 22. Rhd1 Rxd5 23. Bxd5 Qb6 24. Be4 Rf8 25. Bxg6 Qc7 26. f3 Rd8 27.
Re1 Qg3 28. Rh1 Qf4 29. h5 Rd2 30. Qc1 Qg5 31. Re1 Rd8 32. Qxg5 hxg5 33. Re7 b6
34. Kc2 a6 35. Rb7 b5 36. Ra7 Be5 37. h6 c4 38. a4 Bf4 39. g4 Rd2+ 40. Kb1 Rd8
41. Rxa6 bxa4 42. Rxa4 Rc8 43. Bf5 Rd8 44. Rxc4 Rb8 45. b4 Rd8 46. b5 Rb8 47.
Kc2 Rd8 48. b6 Re8 49. Rxf4 gxf4 50. b7 Rb8 51. Be4 Rd8 52. g5 Rb8 53. g6 Re8
54. c4 Rd8 55. c5 1-0

[Event "South Wales New Year Open "]
[Site "Bridgend"]
[Date "2017.01.08"]
[Round "5.13"]
[White "White, Ernest M"]
[Black "Bonutto, Stephen"]
[Result "1-0"]
[WhiteElo "1889"]
[BlackElo "1452"]
[PlyCount "67"]
[EventDate "2017.01.06"]
[EventType "swiss"]
[EventRounds "5"]
[EventCountry "WLS"]
[SourceDate "2017.01.06"]

1. e4 e5 2. Nf3 Nc6 3. d4 exd4 4. Bc4 d6 5. c3 d3 6. Qb3 Qe7 7. O-O Nf6 8. Bxd3
g6 9. Bf4 Bg7 10. Nbd2 O-O 11. Rfe1 Rb8 12. h3 Be6 13. Qc2 Nd7 14. Bg5 Nf6 15.
Nc4 Qd7 16. Bf1 b5 17. Ne3 h6 18. Bh4 Rfe8 19. Rad1 Qc8 20. Nd5 Bxd5 21. exd5
Rxe1 22. Nxe1 Ne7 23. Bxf6 Bxf6 24. Bd3 Nxd5 25. Bxg6 Nf4 26. Bf5 Qb7 27. Nf3
Kh8 28. Re1 Nh5 29. Qd2 Bg7 30. Be4 Qb6 31. Kh2 Re8 32. Bd5 Rxe1 33. Qxe1 Kg8
34. Qe8+ 1-0

[Event "South Wales New Year Open "]
[Site "Bridgend"]
[Date "2017.01.08"]
[Round "5.14"]
[White "Govindaraj, Neya"]
[Black "Haigh, Tony"]
[Result "0-1"]
[WhiteElo "1308"]
[BlackElo "1822"]
[PlyCount "92"]
[EventDate "2017.01.06"]
[EventType "swiss"]
[EventRounds "5"]
[EventCountry "WLS"]
[SourceDate "2017.01.06"]

1. d4 f5 2. Nc3 e6 3. e4 fxe4 4. Nxe4 Nf6 5. Bg5 Be7 6. Bxf6 Bxf6 7. Nf3 b6 8.
Bd3 Bb7 9. Qd2 Nc6 10. c3 O-O 11. O-O-O e5 12. d5 Nb8 13. Nxf6+ Qxf6 14. Be4 h6
15. Kb1 d6 16. Rhg1 Nd7 17. Qe3 Qf4 18. Qxf4 Rxf4 19. Rge1 Nf6 20. Nd2 Bxd5 21.
Bxd5+ Nxd5 22. Ne4 Nf6 23. Nxf6+ Rxf6 24. f3 Re8 25. Re4 Rf4 26. Rxf4 exf4 27.
Rd2 Re3 28. Kc2 Kf7 29. b4 Ke6 30. Kb3 d5 31. a4 c5 32. bxc5 bxc5 33. Kc2 Ke5
34. Kb2 g5 35. a5 a6 36. Rc2 d4 37. cxd4+ Kxd4 38. h3 c4 39. Rd2+ Rd3 40. Re2
c3+ 41. Kc1 Re3 42. Rf2 Kd3 43. Kb1 Re1+ 44. Ka2 Re2+ 45. Rxe2 Kxe2 46. Kb1 Kd1
0-1

[Event "South Wales New Year Open "]
[Site "Bridgend"]
[Date "2017.01.08"]
[Round "5.15"]
[White "Jukes, Sam"]
[Black "Qiu, Anlan"]
[Result "1-0"]
[WhiteElo "1730"]
[BlackElo "1598"]
[PlyCount "123"]
[EventDate "2017.01.06"]
[EventType "swiss"]
[EventRounds "5"]
[EventCountry "WLS"]
[SourceDate "2017.01.06"]

1. d4 e6 2. c4 b6 3. Nf3 Bb7 4. Nc3 f5 5. e3 Nf6 6. Be2 Bb4 7. O-O Bxc3 8. bxc3
d6 9. a4 Nbd7 10. a5 c5 11. a6 Bc6 12. Bb2 Rc8 13. d5 exd5 14. cxd5 Nxd5 15. c4
N5f6 16. Qxd6 Qe7 17. Qxe7+ Kxe7 18. Ne5 Nxe5 19. Bxe5 Ke6 20. Bb2 Rhd8 21.
Rfd1 g6 22. f3 Rd7 23. Rxd7 Nxd7 24. Kf2 Ne5 25. Rd1 Re8 26. Bxe5 Kxe5 27. e4
fxe4 28. fxe4 Re7 29. Bf3 Rd7 30. Rc1 Rd4 31. Ke3 Bd7 32. Be2 Rxe4+ 33. Kd2
Rd4+ 34. Ke3 Bc8 35. Ra1 Bd7 36. Rb1 Bc6 37. g3 Re4+ 38. Kd3 Ba4 39. Bf3 Rd4+
40. Kc3 Bd7 41. Rxb6 Bf5 42. Rb3 Be6 43. Bd5 Bc8 44. Rb7 Kd6 45. Rxa7 Rd1 46.
Ra8 Bd7 47. a7 Ra1 48. Rh8 Ra3+ 49. Kb2 Rxa7 50. Rxh7 Ra6 51. Kc3 Ra3+ 52. Kd2
Ra2+ 53. Ke3 Bf5 54. Kf4 Rf2+ 55. Kg5 Ke5 56. Bf7 Bd3 57. Bxg6 Bxc4 58. g4 Rf6
59. Re7+ Be6 60. Rc7 c4 61. Rc5+ Bd5 62. Rxd5+ 1-0

[Event "South Wales New Year Open "]
[Site "Bridgend"]
[Date "2017.01.08"]
[Round "5.17"]
[White "Jaberansari, Daniel"]
[Black "Thomas, Roy"]
[Result "0-1"]
[WhiteElo "1393"]
[BlackElo "1728"]
[PlyCount "126"]
[EventDate "2017.01.06"]
[EventType "swiss"]
[EventRounds "5"]
[EventCountry "WLS"]
[SourceDate "2017.01.06"]

1. e4 c5 2. c3 d5 3. exd5 Qxd5 4. d4 Nf6 5. Nf3 e6 6. Na3 cxd4 7. Nb5 Qd8 8.
Nbxd4 Be7 9. Bd3 O-O 10. O-O a6 11. a4 Qc7 12. Qc2 Nbd7 13. Re1 Nc5 14. Bg5
Nxd3 15. Qxd3 Rd8 16. Qc2 h6 17. Bh4 Nd5 18. Bxe7 Nxe7 19. Rad1 Bd7 20. h3 b5
21. axb5 axb5 22. Qe2 Rab8 23. Ra1 Nd5 24. Rac1 Nf4 25. Qc2 f6 26. Red1 e5 27.
Ne2 Bf5 28. Qb3+ Be6 29. Qc2 Qc4 30. Nxf4 Qxf4 31. Rd2 Bxh3 32. Rcd1 Rxd2 33.
Qxd2 Qg4 34. Ne1 Qg6 35. Qd3 Bf5 36. Qd6 Qe8 37. Rd2 Rc8 38. Qd5+ Kh8 39. Qd6
Rc6 40. Qd8 Qxd8 41. Rxd8+ Kh7 42. Rd5 Rb6 43. Kh2 Be6 44. Rc5 Bc4 45. Nc2 Rd6
46. Na3 Rd2 47. Nxc4 bxc4 48. Rxc4 Rxb2 49. f3 g5 50. Kh3 h5 51. g4 h4 52. Rc6
Kg6 53. c4 Rf2 54. c5 Rxf3+ 55. Kg2 Rg3+ 56. Kh2 Rxg4 57. Rc8 Rc4 58. c6 Kf5
59. c7 Kg4 60. Kg2 h3+ 61. Kh2 Rc2+ 62. Kg1 h2+ 63. Kh1 Kg3 0-1